000 008880000a22002530004500
090 _aAR
_b04495
100 1 _aCadena, Carlos Daniel
_914962
700 1 _aLópez Lanús, Bernabé
_94628
700 1 _aBates, John M.
_995931
700 1 _aKrabbe, Niels
_99180
700 1 _aRice, Nathan H.
_998385
700 1 _aStiles, F. Gary
_9877
700 1 _aPalacio, Juan Diego
_91266
700 1 _aSalaman, Paul
_922621
245 1 0 _aRare case of interspecific hybridation in the tracheophone suboscines Chesnut-naped Antpitta Grallaria nuchalis x Chestnut-crowned Antpitta G. ruficapilla in a fragmented Andean landscapeCorantioquia
044 _aInglaterra
041 0 _aInglés
690 _aAves
_992429
690 _aHibridación
_952623
690 _aCanto de aves
_94823
651 4 _pColombia
_dTolima
_mRoncesvalles
_992749
942 _cARTICULO
773 1 _tIbis
_q814-825
_d2007
_g149
999 _c13594
_d13594